00437nam a2200181Ia 4500003000400000005001700004008004100021020001400062040000700076041000800083082002200091100002400113245004900137260003700186300001700223365000800240440000700248OSt20230503111046.0210423s2006 xx 000 0 und d a387258566 cAL aeng a660.65 223bSETJ aSETLOW (Jane K),Ed. aGenetic engineering: principles and methods. aNew YorkbSpringer Pvt Ltdc2006 axxii,262bHB cINR v27